Statistics for Countries of Asia (Inclusive)

Click here to take the quiz!

General Stats

  • This quiz has been taken 20 times
  • The average score is 46 of 53

Answer Stats

Country% Correct
Completely in AsiaAfghanistan
94%
Completely in AsiaArmenia
94%
Partially in AsiaAzerbaijan
94%
Completely in AsiaEast Timor
94%
Partially in AsiaGeorgia
94%
Completely in AsiaIndia
94%
Partially in AsiaIndonesia
94%
Completely in AsiaMalaysia
94%
Partially in AsiaRussia
94%
Completely in AsiaSaudi Arabia
94%
Partially in AsiaYemen
94%
Completely in AsiaBahrain
88%
Completely in AsiaBhutan
88%
Completely in AsiaBrunei
88%
Completely in AsiaCambodia
88%
Completely in AsiaChina
88%
Completely in AsiaIran
88%
Completely in AsiaIraq
88%
Completely in AsiaIsrael
88%
Partially in AsiaJapan
88%
Partially in AsiaKazakhstan
88%
Completely in AsiaKuwait
88%
Completely in AsiaKyrgyzstan
88%
Completely in AsiaLaos
88%
Completely in AsiaLebanon
88%
Completely in AsiaNepal
88%
Completely in AsiaNorth Korea
88%
Completely in AsiaOman
88%
Completely in AsiaPakistan
88%
Completely in AsiaPhilippines
88%
Completely in AsiaQatar
88%
Completely in AsiaSingapore
88%
Completely in AsiaSouth Korea
88%
Completely in AsiaSyria
88%
Completely in AsiaTajikistan
88%
Completely in AsiaThailand
88%
Completely in AsiaTurkmenistan
88%
Completely in AsiaUnited Arab Emirates
88%
Completely in AsiaVietnam
88%
Completely in AsiaBangladesh
81%
Completely in AsiaCyprus
81%
Partially in AsiaEgypt
81%
Completely in AsiaJordan
81%
Completely in AsiaMaldives
81%
Completely in AsiaMongolia
81%
Completely in AsiaMyanmar
81%
Completely in AsiaTaiwan
81%
Partially in AsiaTurkey
81%
Completely in AsiaUzbekistan
81%
Completely in AsiaSri Lanka
75%
External territories in AsiaUnited Kingdom
75%
Partially in AsiaGreece
63%
External territories in AsiaAustralia
56%

Score Distribution

Percentile by Number Answered

Percent of People with Each Score

Your Score History

You have not taken this quiz